000 00440cam a2200157ua 4500
020 _a90-277-2502-0
041 _aeng
_h
082 _a551.5
_bVAU/RE
100 _aVaughan, Robin A .
245 _aRemote sensing applications in meteorology and climatology /
_cRobin A Vaughan.
_hTextual Documents
260 _aBoston :
_bD Reidel publishing company ,
_c1986.
300 _a480 ; .
504 _a
942 _cBK
999 _c11304
_d11304